000 00424nam a2200181Ia 4500
001 3684
005 20260306145701.0
008 260306t2007||||xx |||||||||||||| ||spa||
041 _aESP
082 _a302
_bB61A
100 _aBlanco Abarca, Amalio
_eAUT
245 0 _aIntervención psicosocial
260 _c2007
300 _aiv, 606 pƔginas :
_c25 cm.
650 _aGEN
654 _aCPS
942 _cLIB
_dJUS
_fJUS
_2ddc
_n
999 _c3684
_d3684